[Event "Zt"]
[Site "masterchessopen.com Mar del Plata (Argentina)"]
[Round "0"]
[White "Najdorf Miguel (POL)"]
[Black "Guimard Carlos E (ARG)"]
[Result "1-0"]
[WhiteElo "2445"]
[BlackElo "2325"]

1.c4 e6 2.g3 d5 3.Bg2 Nf6 4.Nf3 Be7 5.O-O O-O 6.d4 c6 7.Qc2 Nbd7 8.Nbd2 b6
9.b3 Bb7 10.Bb2 a5 11.e4 Ra7 12.Ne5 Nxe5 13.dxe5 Ne8 14.exd5 cxd5 15.Rfd1 dxc4
16.Nxc4 Qb8 17.Bxb7 Rxb7 18.Rac1 Nc7 19.Nxb6 Rd8 20.Rxd8+ Bxd8 21.Nd7 Qa7
22.Qc6 h5 23.Rc4 Rb5 24.Qd6 Rd5 25.Qf8+ Kh7 26.Qxf7 Rd1+ 27.Kg2 Qb7+ 28.Kh3
Qh1 29.Nf6+ Bxf6 30.exf6 {#r} 1-0

[Event "Olympiad"]
[Site "masterchessopen.com Moscow (Russia)"]
[Date "1956.09.13"]
[Round "4"]
[White "Golombek Harry (ENG)"]
[Black "Minev Nikolay N (BUL)"]
[Result "1-0"]
[WhiteElo "2320"]
[BlackElo "2370"]

1.d4 Nf6 2.c4 e6 3.g3 d5 4.Bg2 Be7 5.Nf3 c6 6.O-O O-O 7.Qc2 Nbd7 8.Nbd2 b6
9.b3 Bb7 10.Bb2 Rc8 11.Rac1 c5 12.Qb1 dxc4 13.Nxc4 cxd4 14.Bxd4 b5 15.Nce5
Nxe5 16.Bxe5 Qa5 17.Ng5 Rxc1 18.Rxc1 g6 19.Bxb7 Ng4 20.Bc7 Qb4 21.Nh3 Bc5
22.e3 Nxe3 23.fxe3 Bxe3+ 24.Kh1 Bxc1 25.Qxc1 f6 26.Qc6 {#r} 1-0

[Event "Ch Leningrad"]
[Site "masterchessopen.com Leningrad (Russia)"]
[Round "0"]
[White "Osnos Viatcheslav (RUS)"]
[Black "Beliavsky Alexander G (SLO)"]
[Result "1-0"]
[WhiteElo "2384"]
[BlackElo "2616"]

1.c4 e6 2.g3 Nf6 3.Bg2 d5 4.Nf3 Be7 5.O-O O-O 6.d4 c6 7.Qc2 Nbd7 8.Nbd2 b5
9.c5 Bb7 10.e4 Nxe4 11.Nxe4 dxe4 12.Qxe4 Nf6 13.Qe5 Qd5 14.Qe2 Rfd8 15.Ne5
Qxd4 16.Bxc6 Rd5 17.Bf4 Rb8 18.Bxb7 Rxb7 19.c6 Rb8 20.c7 {#r} 1-0

[Event "Ch Poland"]
[Site "masterchessopen.com Warsaw (Poland)"]
[Round "0"]
[White "Doda Zbigniew (POL)"]
[Black "Kostro Jerzy (POL)"]
[Result "1-0"]
[WhiteElo "2345"]
[BlackElo "2305"]

1.Nf3 Nf6 2.g3 d5 3.Bg2 e6 4.O-O Be7 5.c4 O-O 6.d4 Nbd7 7.Qc2 c6 8.Nbd2 b6
9.e4 Bb7 10.b3 Re8 11.Bb2 Qc7 12.Rfe1 Rad8 13.Rad1 h6 14.Qb1 Nxe4 15.Nxe4 dxe4
16.Qxe4 c5 17.d5 Bf6 18.Qc2 exd5 19.cxd5 Bxb2 20.d6 Qb8 21.Qxb2 Nf6 22.Re7
Rxd6 23.Rxd6 Qxd6 24.Rxb7 Qd1+ 25.Bf1 Qxf3 26.Rxa7 Rd8 27.Qe2 Qf5 28.Qe7 Rd7
29.Rxd7 Nxd7 30.Qe8+ Kh7 31.Qe3 g6 32.Bd3 Qf6 33.a4 Qc3 34.Bxg6+ {#r} 1-0

[Event "Ch \"]
[Site "masterchessopen.com Kiev (Ukraine)"]
[Round "14"]
[White "Nikolaevsky Yuri V (RUS)"]
[Black "Kosikov Alexey I (UKR)"]
[Result "1-0"]
[WhiteElo "2315"]
[BlackElo "2397"]

1.d4 Nf6 2.Nf3 e6 3.g3 d5 4.Bg2 Be7 5.O-O Nbd7 6.Nbd2 O-O 7.c4 c6 8.Qc2 Re8
9.Rd1 Qc7 10.e4 dxe4 11.Nxe4 Nxe4 12.Qxe4 Nf6 13.Qe2 Bd7 14.Bf4 Qb6 15.Ne5
Rad8 16.c5 Qa5 17.b4 Qa4 18.Rd3 Qxb4 19.Qc2 Qb5 20.Ra3 Qb4 21.Ra4 {#r} 1-0

[Event "?"]
[Site "masterchessopen.com URS"]
[Round "0"]
[White "Cherepkov Alexander V (RUS)"]
[Black "Khavsky Sergey V (RUS)"]
[Result "1-0"]
[WhiteElo "2395"]
[BlackElo "2314"]

1.c4 e6 2.g3 d5 3.Bg2 Nf6 4.Nf3 Be7 5.O-O O-O 6.d4 c6 7.Qc2 Nbd7 8.Nbd2 b5
9.c5 a5 10.e4 Nxe4 11.Nxe4 dxe4 12.Qxe4 Bb7 13.Re1 Re8 14.Bf4 Nf6 15.Qc2 Nd5
16.Rad1 Rc8 17.Bc1 Qc7 18.h4 h6 19.Ne5 Rcd8 20.Bxh6 gxh6 21.Nxf7 Bf8 22.Qg6+
Bg7 23.Nxh6+ Kf8 24.Bxd5 Rxd5 25.Rd3 Re7 26.Rf3+ Rf5 27.Nxf5 exf5 28.Rxf5+ Rf7
29.Re4 {#r} 1-0

[Event "It"]
[Site "masterchessopen.com Hungary"]
[Round "0"]
[White "Vadasz Laszlo (HUN)"]
[Black "Farago Ivan (HUN)"]
[Result "0-1"]
[WhiteElo "2271"]
[BlackElo "2488"]

1.Nf3 e6 2.g3 d5 3.c4 Nf6 4.Bg2 Be7 5.O-O O-O 6.d4 c6 7.Nbd2 Nbd7 8.Qc2 b6
9.e4 Bb7 10.Rd1 Rc8 11.e5 Ne8 12.Nf1 dxc4 13.Qxc4 Nc7 14.Qc2 Nd5 15.h4 c5
16.Ng5 Bxg5 17.Bxg5 cxd4 18.Qe2 Qc7 19.f4 h6 20.Bxh6 gxh6 21.Qg4+ Kh8 22.Rac1
Qxc1 23.Rxc1 Rxc1 24.Qh5 Rfc8 25.f5 Kg7 26.Qg4+ Kf8 27.fxe6 R8c2 28.Qxd4 Nf4
{#R} 0-1

[Event "Olympiad"]
[Site "masterchessopen.com Siegen (Germany)"]
[Round "4"]
[White "Quinteros Miguel A (ARG)"]
[Black "Ogaard Leif (NOR)"]
[Result "1-0"]
[WhiteElo "2422"]
[BlackElo "2408"]

1.Nf3 Nf6 2.c4 e6 3.g3 d5 4.Bg2 Be7 5.O-O O-O 6.d4 c6 7.Qc2 Nbd7 8.Nbd2 b5
9.c5 Qc7 10.e4 e5 11.exd5 Nxd5 12.Re1 exd4 13.Nxd4 Bxc5 14.N2b3 Qb6 15.Nxc5
Nxc5 16.Nxc6 Qxc6 17.Be3 Be6 18.Bxc5 Rac8 19.Rac1 Rfd8 20.Qd2 Qa6 21.a3 Nb6
22.Qf4 Nc4 23.Bd4 Qd6 24.Qxd6 Rxd6 25.Bxa7 Rcd8 26.Bc5 Rd2 27.b3 Nb2 28.Bb4
R2d3 29.Bc3 Nd1 30.Ba5 Bxb3 31.Bf1 R3d6 32.Bxd8 Rxd8 33.Be2 {#r} 1-0

[Event "Olympiad"]
[Site "masterchessopen.com Siegen (Germany)"]
[Round "16"]
[White "Quinteros Miguel A (ARG)"]
[Black "Radulov Ivan (BUL)"]
[Result "0-1"]
[WhiteElo "2422"]
[BlackElo "2306"]

1.Nf3 Nf6 2.c4 e6 3.g3 Be7 4.Bg2 d5 5.O-O O-O 6.d4 c6 7.Qc2 Nbd7 8.Nbd2 b6
9.e4 Ba6 10.b3 Rc8 11.Bb2 c5 12.dxc5 dxc4 13.Nxc4 b5 14.Nce5 Nxc5 15.Nd4 Bb7
16.Qe2 a6 17.Rac1 Qb6 18.Ba3 Nxb3 19.Rxc8 Rxc8 20.Bxe7 Nxd4 21.Qe3 Rc3 22.Qg5
Nxe4 23.Qh5 g6 24.Qh6 Ne2+ 25.Kh1 Nxf2+ 26.Rxf2 Rc1+ 27.Qxc1 Qxf2 {#R} 0-1

[Event "Ch Bulgaria"]
[Site "masterchessopen.com Sofia (Bulgaria)"]
[Date "1970.03.10"]
[Round "15"]
[White "Kirov Nino (BUL)"]
[Black "Velikov Petar (BUL)"]
[Result "1-0"]
[WhiteElo "2419"]
[BlackElo "2417"]

1.Nf3 Nf6 2.d4 d5 3.g3 e6 4.Bg2 Be7 5.O-O O-O 6.c4 c6 7.Qc2 Nbd7 8.Nbd2 b5
9.c5 Qc7 10.a4 b4 11.Nb3 a5 12.Bf4 Qd8 13.Rfe1 Nh5 14.Ne5 Bb7 15.e4 Nxf4
16.gxf4 Nf6 17.f5 Nxe4 18.Bxe4 dxe4 19.Qxe4 exf5 20.Qxf5 Bh4 21.Qf3 Qg5+
22.Qg2 h6 23.Rad1 Rfe8 24.Nxa5 Bc8 25.Naxc6 Bb7 26.d5 f6 27.Nc4 Qf4 28.Nd6
Rxe1+ 29.Rxe1 Qd2 30.Rf1 Ba6 31.Qg4 g6 32.Qxh4 {#r} 1-0

[Event "It"]
[Site "masterchessopen.com Cienfuegos (Cuba)"]
[Round "1"]
[White "Garcia Martinez Silvino (CUB)"]
[Black "Hernandez Jesus (CUB)"]
[Result "1-0"]
[WhiteElo "2445"]
[BlackElo "2272"]

1.Nf3 d5 2.g3 Nf6 3.Bg2 e6 4.O-O Be7 5.c4 O-O 6.d4 c6 7.Qc2 Nbd7 8.Nbd2 b6
9.e4 Nxe4 10.Nxe4 dxe4 11.Qxe4 Bb7 12.Re1 Rc8 13.Bf4 Nf6 14.Qe2 Qd7 15.Rad1
Rfd8 16.Ne5 Qe8 17.a3 Nd7 18.Nf3 Bf6 19.Qc2 Qe7 20.h4 g6 21.b4 Qf8 22.Ng5 Be7
23.h5 Nf6 24.hxg6 hxg6 25.Be5 Qh6 26.Nh3 Ng4 27.Bf4 Qg7 28.Qe2 Nf6 29.Ng5 Bd6
30.Nxe6 fxe6 31.Qxe6+ Qf7 32.Bxd6 Qxe6 33.Rxe6 {#r} 1-0

[Event "It (open)"]
[Site "masterchessopen.com Phoenix (USA)"]
[Round "0"]
[White "Loftsson Julius H (USA)"]
[Black "Miller Todd Q (USA)"]
[Result "1-0"]
[WhiteElo "2345"]
[BlackElo "2244"]

1.Nf3 Nf6 2.c4 e6 3.g3 d5 4.Bg2 Be7 5.O-O O-O 6.d4 Nbd7 7.Qc2 c6 8.Nbd2 b6
9.e4 Bb7 10.b3 c5 11.exd5 exd5 12.Bb2 dxc4 13.Nxc4 Rc8 14.dxc5 Rxc5 15.Bd4 Rc8
16.Qb2 Re8 17.Rad1 Qc7 18.Rfe1 Bc5 19.Bxc5 Qxc5 20.Rxe8+ Rxe8 21.Nd6 Bxf3
22.Bxf3 Ne5 23.Be2 Rd8 24.b4 {#r} 1-0

[Event "?"]
[Site "masterchessopen.com URS"]
[Round "0"]
[White "Zhidkov Valery S (UKR)"]
[Black "Bukhtin Vladimir S (RUS)"]
[Result "1-0"]
[WhiteElo "2331"]
[BlackElo "2425"]

1.c4 e6 2.Nf3 d5 3.g3 Nf6 4.Bg2 Be7 5.O-O O-O 6.d4 c6 7.Qc2 Nbd7 8.Nbd2 b6
9.e4 Bb7 10.Rd1 Rc8 11.b3 Qc7 12.Bb2 dxe4 13.Nxe4 Nxe4 14.Qxe4 c5 15.Qe2 cxd4
16.Nxd4 Bxg2 17.Nxe6 Qc6 18.Nd4 Qe4 19.Re1 Bf6 20.Qxe4 Bxe4 21.Rxe4 Nc5 22.Re2
Rfe8 23.Rae1 Rxe2 24.Rxe2 a6 25.Nf5 {#r} 1-0

[Event "Tournament"]
[Site "masterchessopen.com Alma-Ata (Kazakhstan)"]
[Round "0"]
[White "Zilberman Nathan R (KGZ)"]
[Black "Stoliar Efim Samoilovich (RUS)"]
[Result "1-0"]
[WhiteElo "2330"]
[BlackElo "2335"]

1.c4 e6 2.Nf3 d5 3.d4 c6 4.Qc2 Nd7 5.g3 Ngf6 6.Bg2 Be7 7.O-O O-O 8.Nbd2 b6
9.b3 Bb7 10.Bb2 a5 11.e4 dxe4 12.Nxe4 Qc7 13.Rad1 a4 14.Rfe1 axb3 15.axb3 Nxe4
16.Rxe4 Bf6 17.h4 Rfd8 18.Rf4 Nf8 19.Ng5 Ng6 20.Rxf6 gxf6 21.Ne4 Qe7 22.d5 e5
23.d6 Qe6 24.c5 b5 25.d7 {#r} 1-0

[Event "Memorial Ole Holmsgaard"]
[Site "masterchessopen.com Norresundby (Denmark)"]
[Round "1"]
[White "Bjerring Kai (DEN)"]
[Black "Sorensen Bent (DEN)"]
[Result "1-0"]
[WhiteElo "2298"]
[BlackElo "2341"]

1.Nf3 Nf6 2.d4 d5 3.g3 e6 4.Bg2 Nbd7 5.O-O Be7 6.c4 c6 7.Nbd2 O-O 8.Qc2 b5
9.b3 Ba6 10.Re1 Rc8 11.e4 dxc4 12.bxc4 bxc4 13.Nxc4 c5 14.d5 exd5 15.exd5 Nxd5
16.a3 Bxc4 17.Qxc4 N7b6 18.Qg4 Bf6 19.Ra2 Re8 20.Rae2 Rxe2 21.Rxe2 Nc3 22.Re1
Qd3 23.Qxc8+ {#r} 1-0

[Event "Tournament"]
[Site "masterchessopen.com Athens (Greece)"]
[Round "0"]
[White "Psaras Stilianos (GRE)"]
[Black "Pandavos Emanouel (GRE)"]
[Result "0-1"]
[WhiteElo "2105"]
[BlackElo "2290"]

1.c4 e6 2.Nf3 Nf6 3.g3 d5 4.d4 Be7 5.Bg2 O-O 6.O-O Nbd7 7.Nbd2 c6 8.Qc2 Re8
9.e4 dxc4 10.Nxc4 Nb6 11.b3 Nfd7 12.Bb2 Nxc4 13.bxc4 b6 14.Rfd1 Qc7 15.d5 cxd5
16.exd5 exd5 17.Rxd5 Bb7 18.Rf5 Rac8 19.Rd1 f6 20.Rh5 Nf8 21.Rd4 Rcd8 22.Rdh4
Qd7 23.Nd4 Bc5 24.Bd5+ Bxd5 25.cxd5 g6 26.Rh6 Qxd5 27.Qb1 Bb4 28.Nc2 Qf3
29.Bd4 Bd2 30.Ne3 Rxe3 31.fxe3 Rxd4 32.Qb3+ {#R} 0-1

[Event "Ch Netherlands (1/2 final) B"]
[Site "masterchessopen.com Eindhoven (Netherlands)"]
[Round "1"]
[White "Grooten Herman (NED)"]
[Black "Pieterse Gert (NED)"]
[Result "1-0"]
[WhiteElo "2305"]
[BlackElo "2361"]

1.d4 d5 2.c4 e6 3.Nf3 c6 4.Qc2 Nf6 5.g3 Nbd7 6.Bg2 Be7 7.O-O O-O 8.Nbd2 b6
9.e4 Bb7 10.e5 Ne8 11.Nb3 a5 12.Rd1 a4 13.Nbd2 Nc7 14.h4 f6 15.Nf1 c5 16.exf6
Bxf6 17.Ng5 g6 18.dxc5 Nxc5 19.cxd5 exd5 20.Be3 a3 21.b4 Bxa1 22.bxc5 Qf6
23.cxb6 Ne8 24.Bxd5+ Bxd5 25.Rxd5 Nd6 26.Qc7 Nf7 27.b7 Rae8 28.Bf4 Nxg5
29.hxg5 Qa6 30.Ra5 Qd3 31.b8=Q Rxb8 32.Ra7 {#r} 1-0

[Event "Olympiad"]
[Site "masterchessopen.com Lucerne (Switzerland)"]
[Round "7"]
[White "Goonetilleke L C (SRI)"]
[Black "Cilia Vincenti Victor (MLT)"]
[Result "1-0"]
[WhiteElo "2260"]
[BlackElo "2191"]

1.Nf3 Nf6 2.c4 e6 3.g3 Be7 4.Bg2 O-O 5.O-O d5 6.d4 Nbd7 7.Nbd2 c6 8.Qc2 b6
9.e4 dxc4 10.Nxc4 Bb7 11.Re1 Rc8 12.Bg5 h6 13.e5 hxg5 14.Nxg5 Rc7 15.Rab1 Re8
16.exf6 Nxf6 17.Ne5 Bf8 18.Re3 g6 19.Rf3 Bg7 20.h4 Ree7 21.h5 Qe8 22.hxg6 fxg6
23.Nxg6 Red7 24.Ne5 Re7 25.Ng4 Qf8 26.Qg6 {#r} 1-0

[Event "It (open)"]
[Site "masterchessopen.com Charlton (England)"]
[Round "2"]
[White "Crouch Colin S (ENG)"]
[Black "Conquest Stuart (ENG)"]
[Result "0-1"]
[WhiteElo "2365"]
[BlackElo "2515"]

1.d4 d5 2.c4 c6 3.Nf3 e6 4.Qc2 Nf6 5.g3 Nbd7 6.Bg2 Be7 7.O-O O-O 8.Nbd2 b5
9.b3 bxc4 10.bxc4 Ba6 11.Re1 c5 12.cxd5 Nxd5 13.Ne4 Rc8 14.Qa4 Qb6 15.Ba3 Bb5
16.Qd1 Rfd8 17.Rc1 Qa5 18.Bxc5 Nxc5 19.Nxc5 Nc3 20.Nb7 Nxd1 {#R} 0-1

[Event "It (open) \"]
[Site "masterchessopen.com Athens (Greece)"]
[Round "6"]
[White "Kotronias Vasilios (GRE)"]
[Black "Balaskas Nikolaos (GRE)"]
[Result "1-0"]
[WhiteElo "2440"]
[BlackElo "2195"]

1.c4 e6 2.Nf3 Nf6 3.g3 d5 4.Bg2 Be7 5.O-O O-O 6.d4 Nbd7 7.Qc2 c6 8.Nbd2 b6
9.b3 Ba6 10.e4 c5 11.e5 Ne8 12.Rd1 cxd4 13.cxd5 exd5 14.Qf5 d3 15.Nf1 Rc8
16.Ne3 Nc7 17.Qg4 Kh8 18.Bb2 Nc5 19.Nd4 N5e6 20.Nc6 Qd7 21.Nxe7 Qxe7 22.Nf5
Qd7 23.Ba3 Rfd8 24.Nd6 Rb8 25.Bb2 Ne8 26.Bxd5 Qe7 27.Nxf7+ Qxf7 28.Bxe6 Qg6
29.Qxg6 hxg6 30.Rac1 Kh7 31.Rd2 Bc8 32.Bf7 Bf5 33.Rc4 Rbc8 34.Rh4# 1-0

[Event "It (open) \"]
[Site "masterchessopen.com Athens (Greece)"]
[Round "8"]
[White "Szekely Peter (HUN)"]
[Black "Trikaliotis Georgios (GRE)"]
[Result "1-0"]
[WhiteElo "2408"]
[BlackElo "2247"]

1.Nf3 d5 2.c4 e6 3.g3 c6 4.Qc2 Nd7 5.Bg2 Ngf6 6.O-O Be7 7.d4 O-O 8.Nbd2 b5
9.c5 Qc7 10.e4 e5 11.exd5 Nxd5 12.Re1 exd4 13.Nxd4 Bxc5 14.N2b3 Nb4 15.Qc3
Bxd4 16.Nxd4 a5 17.a3 Qb6 18.Nf5 Nf6 19.Ne7+ Kh8 20.Nxc8 Qd8 21.Bg5 Nbd5
22.Bxd5 Nxd5 23.Bxd8 Nxc3 24.Be7 {#r} 1-0

[Event "?"]
[Site "masterchessopen.com Dortmund (Germany)"]
[Round "9"]
[White "Kottke Uwe (GER)"]
[Black "Lohmeier Horst (GER)"]
[Result "1-0"]
[WhiteElo "2213"]
[BlackElo "2182"]

1.d4 Nf6 2.c4 e6 3.g3 d5 4.Bg2 Be7 5.Nf3 O-O 6.O-O c6 7.Nbd2 Nbd7 8.Qc2 Bd6
9.e4 dxe4 10.Nxe4 Nxe4 11.Qxe4 Re8 12.Ne5 f6 13.Nxc6 bxc6 14.Qxc6 Nb6 15.c5
Ba6 16.Re1 Rc8 17.Qxd6 Qxd6 18.cxd6 Rcd8 19.Bc6 Nd7 20.Bd2 {#r} 1-0

[Event "Ch Germany (team) (universities)"]
[Site "masterchessopen.com Muenster (Germany)"]
[Round "4"]
[White "Klee Helmut (GER)"]
[Black "Buecker Peter (GER)"]
[Result "0-1"]
[WhiteElo "2116"]
[BlackElo "2320"]

1.d4 d5 2.Nf3 e6 3.c4 c6 4.Qc2 Nf6 5.g3 Be7 6.Bg2 Nbd7 7.O-O O-O 8.Nbd2 b6
9.e4 Bb7 10.b3 Rc8 11.Bb2 c5 12.exd5 exd5 13.dxc5 dxc4 14.bxc4 Bxc5 15.Qf5 Qc7
16.Rad1 Rfe8 17.Rfe1 Rxe1+ 18.Rxe1 h6 19.h4 Qxg3 20.Qxc5 Qxg2+ 21.Kxg2 Rxc5
22.Re7 Ra5 23.a3 Kf8 24.Re3 Ng4 25.Re2 Nge5 26.Kg3 Bxf3 27.Nxf3 Nxc4 28.Bc3
Rd5 29.Bb4+ Nc5 30.Rc2 Nd6 {#R} 0-1

[Event "Ch Bundeswehr"]
[Site "masterchessopen.com Germany"]
[Round "6"]
[White "Schade Gunnar"]
[Black "Louis Volker (GER)"]
[Result "0-1"]
[WhiteElo "2145"]
[BlackElo "2152"]

1.d4 Nf6 2.g3 d5 3.c4 e6 4.Bg2 Be7 5.Nf3 O-O 6.O-O Nbd7 7.Qc2 c6 8.Nbd2 b6
9.b3 Bb7 10.Bb2 Rc8 11.e4 dxe4 12.Nxe4 Nxe4 13.Qxe4 Nf6 14.Qc2 Qc7 15.Rfd1
Rfd8 16.Ng5 h6 17.Ne4 Nxe4 18.Qxe4 Bf6 19.Rd2 Qe7 20.Rad1 Rd7 21.f4 Rcd8
22.Qc2 g6 23.Be4 Qf8 24.d5 Bxb2 25.dxc6 Rxd2 26.Rxd2 Rxd2 27.Qxd2 Qc5+ 28.Kf1
Bxc6 29.b4 Qxc4+ 30.Bd3 Qc1+ 31.Qxc1 Bxc1 32.b5 Bd5 {#R} 0-1

[Event "?"]
[Site "masterchessopen.com Reggio Emilia (Italy)"]
[Round "0"]
[White "Bukal Vladimir (CRO)"]
[Black "Anceschi Vittorio (ITA)"]
[Result "1-0"]
[WhiteElo "2415"]
[BlackElo "2251"]

1.c4 Nf6 2.Nf3 e6 3.g3 d5 4.Bg2 Be7 5.O-O O-O 6.d4 c6 7.Qc2 Nbd7 8.Nbd2 b6
9.e4 dxe4 10.Nxe4 Nxe4 11.Qxe4 Ba6 12.b3 Rc8 13.Rd1 Qc7 14.Bf4 Bd6 15.Bxd6
Qxd6 16.Ne5 Bb7 17.c5 Qe7 18.b4 Nxe5 19.Qxe5 Ba6 20.Rdc1 Rfd8 21.a4 Qd7 22.b5
Bb7 23.cxb6 axb6 24.Qe4 Qxd4 25.Qxd4 Rxd4 26.bxc6 Ba6 27.Rcb1 Rcd8 28.h4 Bc4
29.Rxb6 Bd5 30.c7 Rf8 31.Rc1 {#r} 1-0

[Event "Ch Czechoslovakia (team)"]
[Site "masterchessopen.com Czechoslovakia"]
[Round "0"]
[White "Gregor Jiri (CZE)"]
[Black "Ac Michal (SVK)"]
[Result "1-0"]
[WhiteElo "1647"]
[BlackElo "2174"]

1.d4 Nf6 2.Nf3 e6 3.g3 d5 4.c4 Be7 5.Bg2 O-O 6.O-O Nbd7 7.Qc2 c6 8.Nbd2 b6
9.Rd1 Bb7 10.e4 dxe4 11.Nxe4 Nxe4 12.Qxe4 Nf6 13.Qe2 Qc7 14.Bf4 Bd6 15.Ne5 Nd7
16.b4 Nxe5 17.Bxe5 Ba6 18.Bxd6 Qxd6 19.b5 Bb7 20.c5 bxc5 21.dxc5 Qc7 22.Qe4
Rad8 23.bxc6 Ba8 24.h4 e5 25.Qa4 Rxd1+ 26.Rxd1 Rc8 27.Rd7 Qb8 28.Kh2 e4 29.Qc4
Rf8 30.Qxe4 Bb7 {#r} 1-0

[Event "Regionalliga NordN"]
[Site "masterchessopen.com Germany"]
[Round "0"]
[White "Willsch Matthias (GER)"]
[Black "Zierke Oliver (GER)"]
[Result "0-1"]
[WhiteElo "2269"]
[BlackElo "2273"]

1.d4 d5 2.c4 e6 3.Nf3 c6 4.Qc2 Nd7 5.Nbd2 Ngf6 6.g3 Be7 7.Bg2 O-O 8.O-O b5
9.c5 e5 10.dxe5 Ng4 11.Nb3 Ndxe5 12.Nxe5 Nxe5 13.Nd4 Bd7 14.a4 b4 15.a5 Nc4
16.e4 Nxa5 17.exd5 cxd5 18.Bd2 Rb8 19.c6 Rc8 20.Bxd5 Bh3 21.Qe4 Bc5 22.Nf3
Bxf1 23.Ng5 g6 24.Kxf1 Nxc6 25.Qh4 h5 26.Qe4 Ne7 27.Ra6 Qxd5 {#R} 0-1

[Event "Ch Europe (team)"]
[Site "masterchessopen.com Haifa (Israel)"]
[Round "0"]
[White "Ben-Menachem Itzhak (ISR)"]
[Black "Hadjiyiannis C (CYP)"]
[Result "1-0"]
[WhiteElo "2313"]
[BlackElo "2063"]

1.d4 Nf6 2.c4 e6 3.g3 d5 4.Bg2 c6 5.Nf3 Be7 6.O-O O-O 7.Nbd2 Nbd7 8.Qc2 b6
9.b3 Bb7 10.Bb2 Rc8 11.e4 dxe4 12.Nxe4 Nxe4 13.Qxe4 Nf6 14.Qc2 c5 15.Rad1 Be4
16.Qc3 Qc7 17.d5 exd5 18.cxd5 Rcd8 19.Nh4 Bxg2 20.Nxg2 Rd7 21.Qf3 Qb7 22.Ne3
Rfd8 23.Nf5 Ne8 24.Rfe1 Bf6 25.Rxe8+ Rxe8 26.Bxf6 Re6 27.Qg4 {#r} 1-0

[Event "It (open)"]
[Site "masterchessopen.com Philadelphia (USA)"]
[Round "0"]
[White "Odendahl Steven M (USA)"]
[Black "Bauer Peter (GER)"]
[Result "1-0"]
[WhiteElo "2420"]
[BlackElo "2259"]

1.d4 d5 2.c4 e6 3.Nf3 Nf6 4.g3 Be7 5.Bg2 O-O 6.O-O Nbd7 7.Qc2 c6 8.Nbd2 b6
9.e4 Bb7 10.b3 Rc8 11.Bb2 c5 12.e5 Ne8 13.Rfd1 g6 14.Rac1 dxc4 15.Nxc4 b5
16.Nd6 Nxd6 17.exd6 Bf6 18.Qe2 a6 19.dxc5 Rxc5 20.Rxc5 Nxc5 21.Bxf6 Qxf6
22.Ne5 Bxg2 23.Kxg2 Qd8 24.d7 Qa8+ 25.f3 f6 26.b4 Na4 27.Nxg6 hxg6 28.Qxe6+
Kh8 29.d8=Q {#r} 1-0

[Event "Ch Yugoslavia"]
[Site "masterchessopen.com Pljevlja (Bosnia & Herzegovina)"]
[Round "3"]
[White "Paunovic Dragan (SRB)"]
[Black "Maksimovic Branimir (SRB)"]
[Result "1-0"]
[WhiteElo "2455"]
[BlackElo "2455"]

1.Nf3 Nf6 2.g3 d5 3.Bg2 e6 4.O-O Be7 5.d4 O-O 6.c4 Nbd7 7.Qc2 c6 8.Nbd2 b6
9.b3 Bb7 10.Bb2 Rc8 11.Rac1 c5 12.Qb1 dxc4 13.Nxc4 b5 14.Ne3 Qb6 15.Rfd1 Rc7
16.dxc5 Bxc5 17.Bd4 Rfc8 18.Rxc5 Nxc5 19.b4 Nfd7 20.bxc5 Qa6 21.Ng5 Nf8 22.Ne4
Rd8 23.Be5 Bxe4 24.Rxd8 Bxb1 25.Bxc7 h5 26.Bd6 Bxa2 27.c6 e5 28.Rxf8+ Kh7
29.Be4+ f5 30.Bxf5+ g6 31.c7 gxf5 32.c8=Q Qxd6 33.Rh8+ {#r} 1-0

[Event "Ch RLP (juniors) (under 20)"]
[Site "masterchessopen.com Rheinland-Pfalz (Germany)"]
[Round "4"]
[White "Apsner Burkhard (GER)"]
[Black "Elsen Mark (GER)"]
[Result "1-0"]
[WhiteElo "2272"]
[BlackElo "2223"]

1.Nf3 d5 2.d4 e6 3.c4 Nf6 4.g3 c6 5.Bg2 Nbd7 6.Nbd2 Be7 7.O-O O-O 8.Qc2 Re8
9.Rd1 Bf8 10.e4 Nxe4 11.Nxe4 dxe4 12.Qxe4 c5 13.dxc5 Bxc5 14.Ne5 Qf6 15.Bf4
Nxe5 16.Qxe5 Qe7 17.Qc7 f6 18.Qxe7 Rxe7 19.Rd8+ Kf7 20.Rad1 Bb6 21.Rh8 Re8
22.Rxe8 Kxe8 23.Bd6 a5 24.c5 Bd8 25.c6 Ra7 26.c7 Be7 27.Bxe7 Kxe7 28.Rd8 {#r}
1-0

[Event "Ch Baden-Wuerttemberg"]
[Site "masterchessopen.com Stuttgart (Germany)"]
[Round "1"]
[White "Munzert Markus (GER)"]
[Black "Boehm Martin (GER)"]
[Result "0-1"]
[WhiteElo "2278"]
[BlackElo "2270"]

1.Nf3 e6 2.g3 Nf6 3.Bg2 Be7 4.c4 O-O 5.O-O d5 6.d4 Nbd7 7.Nbd2 c6 8.Qc2 b6
9.b3 Ba6 10.e4 Rc8 11.Re1 Bb7 12.Bb2 Rc7 13.Rad1 Qa8 14.cxd5 exd5 15.e5 Ne8
16.Bh3 Qd8 17.Nf1 Bc8 18.e6 fxe6 19.Bxe6+ Kh8 20.Kg2 Nd6 21.N1d2 Nf6 22.Ng5
Nde4 23.Ngxe4 Bxe6 24.Ng5 Bf5 25.Ne6 Bxc2 26.Nxd8 Rxd8 {#R} 0-1

[Event "Tournament (team)"]
[Site "masterchessopen.com Athens (Greece)"]
[Round "0"]
[White "Frendzas Panayotis (GRE)"]
[Black "Balaskas Nikolaos (GRE)"]
[Result "1-0"]
[WhiteElo "2364"]
[BlackElo "2195"]

1.d4 Nf6 2.Nf3 e6 3.g3 d5 4.Bg2 Be7 5.c4 O-O 6.O-O Nbd7 7.Qc2 c6 8.Nbd2 b6
9.e4 Ba6 10.b3 c5 11.exd5 exd5 12.Rd1 Rc8 13.Bb2 cxd4 14.Nxd4 b5 15.Qf5 bxc4
16.bxc4 Bxc4 17.Nxc4 Rxc4 18.Bxd5 Nxd5 19.Qxd5 Nb6 20.Qxd8 Rxd8 21.Nf5 Rxd1+
22.Rxd1 Kf8 23.Ba3 {#r} 1-0

[Event "Ch France (final) (w)"]
[Site "masterchessopen.com Challes (France)"]
[Round "0"]
[White "Otwinowska Ania"]
[Black "Muller Anne (FRA)"]
[Result "1-0"]
[WhiteElo "1970"]
[BlackElo "2141"]

1.Nf3 Nf6 2.g3 d5 3.Bg2 e6 4.O-O Be7 5.d4 O-O 6.c4 c6 7.Qc2 Nbd7 8.Nbd2 Re8
9.b3 Bd6 10.Bb2 Bc7 11.Rfd1 Qe7 12.e4 dxe4 13.Nxe4 e5 14.dxe5 Nxe5 15.Nxf6+
Qxf6 16.Nxe5 Bxe5 17.Re1 Bd7 18.Rxe5 Rxe5 19.f4 Qf5 20.Qc3 {#r} 1-0

[Event "Ch Portugal"]
[Site "masterchessopen.com Lisbon (Portugal)"]
[Round "1"]
[White "Frois Antonio (POR)"]
[Black "Amaral Nuno (POR)"]
[Result "1-0"]
[WhiteElo "2343"]
[BlackElo "2160"]

1.d4 d5 2.Nf3 e6 3.c4 c6 4.Qc2 Nf6 5.g3 Be7 6.Bg2 O-O 7.O-O Nbd7 8.Nbd2 b6
9.Rd1 Bb7 10.e4 dxe4 11.Nxe4 Rc8 12.Bf4 Nxe4 13.Qxe4 Nf6 14.Qc2 Bd6 15.Be5 h6
16.Qa4 Ra8 17.Rac1 Be7 18.Bf4 Qe8 19.Ne5 Bd6 20.c5 b5 21.Qa5 Be7 22.Qc7 {#r}
1-0

[Event "It (open)"]
[Site "masterchessopen.com Meudon (France)"]
[Round "7"]
[White "San Marco Bruno (FRA)"]
[Black "Neiman Emmanuel (FRA)"]
[Result "1-0"]
[WhiteElo "2225"]
[BlackElo "2335"]

1.d4 d5 2.Nf3 Nf6 3.c4 e6 4.g3 Nbd7 5.Bg2 Be7 6.O-O O-O 7.Qc2 c6 8.Nbd2 b5
9.c5 Qc7 10.Nb3 e5 11.Nxe5 Nxe5 12.Bf4 Nfd7 13.e4 dxe4 14.Qxe4 Bf6 15.Rfe1 Re8
16.dxe5 Nxe5 17.Qxc6 {#r} 1-0